| 000 -LEADER |
| fixed length control field |
00815cam a22002294a 4500 |
| 020 ## - INTERNATIONAL STANDARD BOOK NUMBER |
| ISBN |
0471478644 (cloth) |
| 040 ## - CATALOGING SOURCE |
| Transcribing agency |
DLC |
| 082 00 - DEWEY DECIMAL CLASSIFICATION NUMBER |
| Classification number |
338 JOH 2004 A020 Or. |
| -- |
B |
| 100 1# - MAIN ENTRY--AUTHOR NAME |
| Personal name |
Craig, Jenny. |
| 245 14 - TITLE STATEMENT |
| Title |
The Jenny Craig story: |
| Remainder of title |
how one woman changes millions of lives / |
| 260 ## - PUBLICATION, DISTRIBUTION, ETC. (IMPRINT) |
| Place of publication |
Hoboken, N.J. : |
| Name of publisher |
John Wiley & Sons, |
| Year of publication |
c2004. |
| 300 ## - PHYSICAL DESCRIPTION |
| Number of Pages |
x, 211 p., [16] p. of plates : |
| Other physical details |
ill. ; |
| Dimensions |
24 cm. |
| 500 ## - GENERAL NOTE |
| General note |
Published simultaneously in the U.S. and Canada. |
| 500 ## - GENERAL NOTE |
| General note |
Includes index. |
| 650 #0 - SUBJECT ADDED ENTRY--TOPICAL TERM |
| Topical Term |
Businesswomen |
| 650 #0 - SUBJECT ADDED ENTRY--TOPICAL TERM |
| Topical Term |
Weight loss. |
| 650 #0 - SUBJECT ADDED ENTRY--TOPICAL TERM |
| Topical Term |
Reducing diets. |
| 856 42 - ELECTRONIC LOCATION AND ACCESS |
| Uniform Resource Identifier |
http://www.loc.gov/catdir/bios/wiley046/2003021822.html |
| 856 42 - ELECTRONIC LOCATION AND ACCESS |
| Uniform Resource Identifier |
http://www.loc.gov/catdir/description/wiley041/2003021822.html |
| 856 41 - ELECTRONIC LOCATION AND ACCESS |
| Uniform Resource Identifier |
http://www.loc.gov/catdir/toc/wiley041/2003021822.html |
| 942 ## - ADDED ENTRY ELEMENTS (KOHA) |
| Koha item type |
សៀវភៅភាសាអង់គ្លេស |
| 952 ## - LOCATION AND ITEM INFORMATION (KOHA) |
| Withdrawn status [LOCAL, KOHA] |
0 |